<?xml version="1.0" encoding="UTF-8"?>
<record
    xmlns:xsi="http://www.w3.org/2001/XMLSchema-instance"
    xsi:schemaLocation="http://www.loc.gov/MARC21/slim http://www.loc.gov/standards/marcxml/schema/MARC21slim.xsd"
    xmlns="http://www.loc.gov/MARC21/slim">

  <leader>03212nam a2200385uu 4500</leader>
  <controlfield tag="001">1536864</controlfield>
  <controlfield tag="005">20260508093626.0</controlfield>
  <controlfield tag="008">191024s2015                        spa  </controlfield>
  <datafield tag="020" ind1=" " ind2=" ">
    <subfield code="a">9788416138340</subfield>
  </datafield>
  <datafield tag="035" ind1=" " ind2=" ">
    <subfield code="a">1536864</subfield>
  </datafield>
  <datafield tag="040" ind1=" " ind2=" ">
    <subfield code="c">comduadb</subfield>
  </datafield>
  <datafield tag="041" ind1=" " ind2=" ">
    <subfield code="a">spa</subfield>
  </datafield>
  <datafield tag="082" ind1=" " ind2="4">
    <subfield code="a">770</subfield>
  </datafield>
  <datafield tag="100" ind1="1" ind2="0">
    <subfield code="a">Antonini, Marco</subfield>
    <subfield code="4">aut</subfield>
    <subfield code="e">aut</subfield>
    <subfield code="9">597311</subfield>
  </datafield>
  <datafield tag="245" ind1="1" ind2="0">
    <subfield code="a">Fotograf&#xED;a experimental : manual de t&#xE9;cnicas y procesos alternativos</subfield>
  </datafield>
  <datafield tag="246" ind1="1" ind2=" ">
    <subfield code="a">Experimental photography.</subfield>
  </datafield>
  <datafield tag="260" ind1=" " ind2=" ">
    <subfield code="a">Barcelona :</subfield>
    <subfield code="b">Blume,</subfield>
    <subfield code="c">2015.</subfield>
  </datafield>
  <datafield tag="300" ind1=" " ind2=" ">
    <subfield code="a">240 p&#xE1;ginas :</subfield>
    <subfield code="b">ilustraciones a color.</subfield>
  </datafield>
  <datafield tag="505" ind1=" " ind2=" ">
    <subfield code="a">CONTENIDO : Introducci&#xF3;n. La paradoja de la fotograf&#xED;a. -- 1. Sin c&#xE1;mara. -- C&#xE1;mara oscura. -- Cuarto oscuro. -- Tira de prueba de exposici&#xF3;n. -- Fotogramas. -- Clich&#xE9;-verre. -- Impresi&#xF3;n lumen. -- Exposici&#xF3;n de m&#xFA;ltiples. -- 2. Hecho a mano, c&#xE1;maras de juguete y desechables. -- Creaci&#xF3;n de una c&#xE1;mara estenopeica. -- Solargraf&#xED;a. -- Legotron. -- Lomograf&#xED;a. -- C&#xE1;maras desechables. -- 3. Trucos. -- Maltratar negativos y pel&#xED;culas. -- C&#xE1;maras esc&#xE1;ner. -- C&#xE1;mara Polaroid para placas de colodi&#xF3;n h&#xFA;medo. -- SLR de 35 mm para microplacas de colodi&#xF3;n. -- 4. Experimentaci&#xF3;n y t&#xE9;cnicas de impresi&#xF3;n. -- Caffenol. -- Negativos de gran formato para copiado por contacto. -- Marco para impresi&#xF3;n por contacto. -- Cianotipia. -- Cianotipia sobre tela. -- Van Dyke. -- Argirotipia. -- Papel salado. -- Impresi&#xF3;n en alb&#xFA;mina. -- Goma bicromatada. -- Antotipia. -- F&#xF3;rmulas de color para antotipia. -- Copias en clorofila. -- Colodi&#xF3;n h&#xFA;medo. -- 5. Experimentaci&#xF3;n en el posprocesado. -- Cianotipia: virados alternativos. -- Blanqueo. -- Mordan&#xE7;age. -- Brom&#xF3;leo. -- Transacuatipia. -- Ap&#xE9;ndice. -- Precauciones de seguridad con productos qu&#xED;micos. -- Bibliograf&#xED;a. -- &#xCD;ndice.</subfield>
  </datafield>
  <datafield tag="520" ind1="3" ind2=" ">
    <subfield code="a">Fotograf&#xED;a experimental describe y proporciona instrucciones paso a paso para m&#xE1;s de 40 procesos fotogr&#xE1;ficos. Incluye t&#xE9;cnicas sin c&#xE1;mara, tales como fotogramas y c&#xE1;mara oscura; fotograf&#xED;a estenopeica; c&#xE1;maras de juguete y artesanales; manipulaci&#xF3;n de c&#xE1;maras; manipulaci&#xF3;n de negativos y procesos de impresi&#xF3;n, as&#xED; como tratamientos de posprocesado, como mordan&#xE7;age y blanqueo. Todas las t&#xE9;cnicas se muestran a trav&#xE9;s de sesiones especialmente preparadas, las cuales se acompa&#xF1;an de entrevistas ilustradas a fot&#xF3;grafos especializados. Un libro de consulta pr&#xE1;ctico sin precedentes que celebra el trabajo de artistas y artesanos excepcionales que fuerzan los l&#xED;mites de c&#xF3;mo concebimos la fotograf&#xED;a.</subfield>
  </datafield>
  <datafield tag="650" ind1=" " ind2="7">
    <subfield code="a">Fotograf&#xED;a</subfield>
    <subfield code="2">lemb</subfield>
    <subfield code="9">40970</subfield>
  </datafield>
  <datafield tag="650" ind1=" " ind2="7">
    <subfield code="a">Fotograf&#xED;a</subfield>
    <subfield code="x">T&#xE9;cnicas</subfield>
    <subfield code="2">lemb</subfield>
    <subfield code="9">6343</subfield>
  </datafield>
  <datafield tag="650" ind1=" " ind2=" ">
    <subfield code="a">Fotograf&#xED;a  - T&#xE9;cnicas digitales</subfield>
    <subfield code="9">205190</subfield>
  </datafield>
  <datafield tag="650" ind1=" " ind2=" ">
    <subfield code="a">Fotografia negativos</subfield>
    <subfield code="9">58429</subfield>
  </datafield>
  <datafield tag="650" ind1=" " ind2=" ">
    <subfield code="a">Fotografia - Aparatos y accesorios</subfield>
    <subfield code="9">36852</subfield>
  </datafield>
  <datafield tag="650" ind1=" " ind2=" ">
    <subfield code="a">Fotografia - Revelado</subfield>
    <subfield code="9">2855</subfield>
  </datafield>
  <datafield tag="650" ind1=" " ind2=" ">
    <subfield code="a">Fotografia aplicada</subfield>
    <subfield code="9">2338</subfield>
  </datafield>
  <datafield tag="700" ind1="1" ind2="0">
    <subfield code="a">Minniti, Sergio</subfield>
    <subfield code="4">aut</subfield>
    <subfield code="e">aut</subfield>
    <subfield code="9">793931</subfield>
  </datafield>
  <datafield tag="700" ind1="1" ind2="0">
    <subfield code="a">G&#xF3;mez , Francisco</subfield>
    <subfield code="4">aut</subfield>
    <subfield code="e">aut</subfield>
    <subfield code="9">328380</subfield>
  </datafield>
  <datafield tag="700" ind1="1" ind2="0">
    <subfield code="a">Lungarella, Gabriele</subfield>
    <subfield code="4">aut</subfield>
    <subfield code="e">aut</subfield>
    <subfield code="9">792496</subfield>
  </datafield>
  <datafield tag="700" ind1="1" ind2="0">
    <subfield code="a">Bendandi, Luca</subfield>
    <subfield code="4">aut</subfield>
    <subfield code="e">aut</subfield>
    <subfield code="9">792497</subfield>
  </datafield>
  <datafield tag="700" ind1="1" ind2="0">
    <subfield code="a">Ros&#xE9;s Mart&#xED;nez, Francisco</subfield>
    <subfield code="4">trl</subfield>
    <subfield code="e">trl</subfield>
    <subfield code="9">393298</subfield>
  </datafield>
  <datafield tag="700" ind1="1" ind2="0">
    <subfield code="a">Rodr&#xED;guez Fischer, Cristina</subfield>
    <subfield code="4">edt</subfield>
    <subfield code="e">edt</subfield>
    <subfield code="9">393299</subfield>
  </datafield>
  <datafield tag="942" ind1=" " ind2=" ">
    <subfield code="c">BOOK</subfield>
  </datafield>
  <datafield tag="999" ind1=" " ind2=" ">
    <subfield code="c">803459</subfield>
    <subfield code="d">803459</subfield>
  </datafield>
  <datafield tag="952" ind1=" " ind2=" ">
    <subfield code="0">0</subfield>
    <subfield code="1">0</subfield>
    <subfield code="4">0</subfield>
    <subfield code="7">0</subfield>
    <subfield code="8">GEN</subfield>
    <subfield code="a">BC</subfield>
    <subfield code="b">BC</subfield>
    <subfield code="d">2019-10-24</subfield>
    <subfield code="e">El Bibliotec&#xF3;logo</subfield>
    <subfield code="g">96000.00</subfield>
    <subfield code="i">C1322917</subfield>
    <subfield code="l">4</subfield>
    <subfield code="m">2</subfield>
    <subfield code="o">770.28 F761fe</subfield>
    <subfield code="p">01086766</subfield>
    <subfield code="r">2025-09-05 18:13:18</subfield>
    <subfield code="s">2025-05-14</subfield>
    <subfield code="t">1</subfield>
    <subfield code="w">2023-05-04</subfield>
    <subfield code="y">BOOK</subfield>
  </datafield>
</record>
